Koreańskie Marki Samochodów - Statystyki

Ogólne statystyki
  • Ten quiz został rozwiązany 95 razy
    52 od ostatniego zresetowania
  • Średni wynik to 3 z 7
Statystyki odpowiedzi
Obrazkowy Odpowiedź % Poprawnych
Kia
98%
Hyundai
93%
Daewoo
59%
SsangYong
41%
Genesis
17%
Pyeonghwa Motors
7%
Asia
5%
Nie znaleziono quizów pasujących do podanych kryteriów
Rozkład punktacji
Procent ludzi z każdym wynikiem
Percentyl według liczby udzielonych odpowiedzi
Twoja historia wyników
Nie rozwiązałeś tego quizu od ostatniego zresetowania